| 000 | 01121nam a22002657a 4500 | ||
|---|---|---|---|
| 001 | 7857 | ||
| 003 | FISKH | ||
| 005 | 20250812101020.0 | ||
| 008 | 250812b cb ||||| |||| 00| 0 eng d | ||
| 020 | _a 9788120781580 | ||
| 040 |
_aFISKH _beng _cFISKH _dFISKH |
||
| 050 | _aPZ7 | ||
| 082 | _a372.21 | ||
| 100 | _aAnonymous | ||
| 245 | _aMy first book of basic concepts / | ||
| 260 |
_aNew Delhi : _bSterling Publishers, _c2015. |
||
| 300 |
_a28 unnumbered pages : _bcolor illustrations ; _c22 cm |
||
| 505 | _aC | ||
| 520 | _aLearn more than just numbers, letters, shapes and colours through this unique, attractive and colourful My First Book of Basic Concepts. This book is a perfect tool for toddlers to learn basic concepts and new words sharing and enjoying them with others as well. There are fun-filled sentences and delightful picture tabs throughout the book, encouraging children to slip right to the page of their choice. | ||
| 521 | 8 |
_a100
_bLexile estimate |
|
| 521 | 8 |
_aC
_bRaz-Plus |
|
| 650 |
_aBasic concepts _vEarly learning _xBoard book |
||
| 942 |
_2ddc _cBK _n0 |
||
| 999 |
_c7857 _d7857 |
||